| 000 | 00705nam a2200217Ia 4500 | ||
|---|---|---|---|
| 008 | 191130s1998##################000#0#eng## | ||
| 020 | _a9781858983509 | ||
| 022 | _a97038474 | ||
| 040 |
_aACL _cACL |
||
| 082 | _a338.542 DIC | ||
| 245 |
_aBusiness cycles since 1820 : new international perspectives from historical evidence _cedited by Trevor J.O. Dick |
||
| 260 |
_aCheltenham, UK _bE. Elgar Pub _cc1998 |
||
| 300 | _axiv, 294 p. : ill. ; 24 cm. | ||
| 500 | _aIncludes bibliographical references (p. 259-286) and index | ||
| 650 | _aBusiness cycles | ||
| 650 | _aEconomics | ||
| 700 | _aDick, Trevor J. O | ||
| 990 | _a761847e9ac10000c7e989d689678fc54 | ||
| 991 | _a189090 | ||
| 999 |
_c121512 _d121512 |
||